|
|
|
|
| LEADER |
00000nam0a2200000 4500 |
| 001 |
59354 |
| 005 |
20240215133302.0 |
| 035 |
|
|
|a (RuTPU)RU\TPU\book\62745
|
| 090 |
|
|
|a 59354
|
| 100 |
|
|
|a 20031225d2003 k y0rusy50 ca
|
| 101 |
0 |
|
|a rus
|
| 102 |
|
|
|a RU
|
| 105 |
|
|
|a a dm 001zy
|
| 200 |
1 |
|
|a Создание и исследование работоспособности ручной машины с волновой передачей
|e автореферат диссертации на соискание ученой степени кандидата технических наук
|e Спец. 05.05.04
|f В. С. Коротков
|g Томский политехнический университет; науч. рук. А. К. Мартынов
|
| 210 |
|
|
|a Томск
|c [Б. и.]
|d 2003
|
| 215 |
|
|
|a 22 с.
|c ил.
|
| 300 |
|
|
|a Защита сост. 26.12.2003
|
| 320 |
|
|
|a Библиогр.: с. 21-22 (13 назв.)
|
| 610 |
1 |
|
|a инженерная геология
|
| 610 |
1 |
|
|a ручные буровые машины
|
| 610 |
1 |
|
|a электробуры
|
| 610 |
1 |
|
|a конструкции
|
| 610 |
1 |
|
|a кинематические схемы
|
| 610 |
1 |
|
|a коллекторные двигатели
|
| 610 |
1 |
|
|a эксплуатационные параметры
|
| 610 |
1 |
|
|a автоматизированные расчеты
|
| 610 |
1 |
|
|a программные продукты
|
| 610 |
1 |
|
|a Delphi 4
|
| 610 |
1 |
|
|a испытания
|
| 610 |
1 |
|
|a авторефераты диссертаций
|
| 675 |
|
|
|a 624.132.33(04)
|v 3
|
| 686 |
|
|
|a 05.05.04
|2 oksvnk
|
| 700 |
|
1 |
|a Коротков
|b В. С.
|c специалист в области машиностроения
|c доцент Томского политехнического университета, кандидат технических наук
|f 1965-
|g Владимир Сергеевич
|9 13706
|
| 702 |
|
1 |
|a Мартынов
|b А. К.
|g Анатолий Кузьмич
|4 727
|
| 712 |
0 |
2 |
|a Томский политехнический университет
|3 (RuTPU)RU\TPU\col\376
|
| 801 |
|
1 |
|a RU
|b 63413507
|c 20031225
|g PSBO
|
| 801 |
|
2 |
|a RU
|b 63413507
|c 20040515
|g PSBO
|
| 942 |
|
|
|c BK
|